Manažment - riadenie organizácií

Gespeichert in:
Bibliographische Detailangaben
1. Verfasser: Bajcura, Andrej
Format: Buch
Sprache:Slowakisch
Veröffentlicht: Bratislava KASICO 2012
Schlagworte:
Tags: Tag hinzufügen
Keine Tags, Fügen Sie das erste Tag hinzu!

MARC

LEADER 00000nam a2200000 4500
001 0179474
005 20240314100409.5
020 |a 978-80-970926-2-7 
041 0 |a slo 
044 |a SK 
245 1 0 |a Manažment - riadenie organizácií  |c Andrej Bajcura ; recenzent: Vladislav Stračár 
264 1 |a Bratislava  |b KASICO  |c 2012 
300 |a 222 s. 
610 2 0 |a manažment 
610 2 0 |a riadenie podnikové 
610 2 0 |a rozhodovanie 
610 2 0 |a plánovanie 
610 2 0 |a organizácia 
610 2 0 |a kontrola 
610 2 0 |a personalistika 
610 2 0 |a manažéri 
610 2 0 |a motivácia 
610 2 0 |a komunikácia 
610 2 0 |a vedenie ľudí 
610 2 0 |a čas pracovný 
100 1 |a Bajcura, Andrej